<?xml version="1.0" encoding="UTF-8"?>
<record
    xmlns:xsi="http://www.w3.org/2001/XMLSchema-instance"
    xsi:schemaLocation="http://www.loc.gov/MARC21/slim http://www.loc.gov/standards/marcxml/schema/MARC21slim.xsd"
    xmlns="http://www.loc.gov/MARC21/slim">

  <leader>05160nam a2200457 i 4500</leader>
  <controlfield tag="003">DO-SdBNP</controlfield>
  <controlfield tag="005">20241017094509.0</controlfield>
  <controlfield tag="007">ta</controlfield>
  <controlfield tag="008">241015b2021    dr a          00| m spa d</controlfield>
  <datafield tag="020" ind1=" " ind2=" ">
    <subfield code="a">9789945212280 (term&#xF3;metro gigante de aula de Learning Rosources)</subfield>
  </datafield>
  <datafield tag="020" ind1=" " ind2=" ">
    <subfield code="a">9789945211665 (placas tect&#xF3;nicas)</subfield>
  </datafield>
  <datafield tag="020" ind1=" " ind2=" ">
    <subfield code="a">9789945211580 (sist. muscular)</subfield>
  </datafield>
  <datafield tag="020" ind1=" " ind2=" ">
    <subfield code="a">9789945211641 (clasif. seres vivos. R. hongos)</subfield>
  </datafield>
  <datafield tag="020" ind1=" " ind2=" ">
    <subfield code="a">9789945211689 (clasif. seres vivos. R. animal)</subfield>
  </datafield>
  <datafield tag="020" ind1=" " ind2=" ">
    <subfield code="a">9789945211672 (el ciclo del agua)</subfield>
  </datafield>
  <datafield tag="020" ind1=" " ind2=" ">
    <subfield code="a">9789945211733 (la lupa)</subfield>
  </datafield>
  <datafield tag="020" ind1=" " ind2=" ">
    <subfield code="a">9789945211573 (sistema nervioso)</subfield>
  </datafield>
  <datafield tag="020" ind1=" " ind2=" ">
    <subfield code="a">9789945211566 (sistema &#xF3;seo)</subfield>
  </datafield>
  <datafield tag="020" ind1=" " ind2=" ">
    <subfield code="a">9789945211696 (c&#xE9;lula animal)</subfield>
  </datafield>
  <datafield tag="020" ind1=" " ind2=" ">
    <subfield code="a">9789945211702 (c&#xE9;lula vegetal)</subfield>
  </datafield>
  <datafield tag="040" ind1=" " ind2=" ">
    <subfield code="a">DO-SdBNP</subfield>
    <subfield code="b">spa</subfield>
    <subfield code="c">BNPHU </subfield>
    <subfield code="e">rda</subfield>
  </datafield>
  <datafield tag="082" ind1=" " ind2=" ">
    <subfield code="a">xx</subfield>
    <subfield code="b">G943c</subfield>
    <subfield code="2">22</subfield>
  </datafield>
  <datafield tag="245" ind1="0" ind2="0">
    <subfield code="a">Gu&#xED;a did&#xE1;ctica</subfield>
    <subfield code="b">ciencias de la naturaleza /</subfield>
  </datafield>
  <datafield tag="264" ind1=" " ind2="1">
    <subfield code="a">Santo Domingo :</subfield>
    <subfield code="b">Casa Duarte, </subfield>
    <subfield code="b">Vicens vives,</subfield>
    <subfield code="c">2022.</subfield>
  </datafield>
  <datafield tag="300" ind1=" " ind2=" ">
    <subfield code="a">11 tomos</subfield>
    <subfield code="b">ilustraciones</subfield>
    <subfield code="c">22 cm.</subfield>
  </datafield>
  <datafield tag="336" ind1=" " ind2=" ">
    <subfield code="a">texto</subfield>
    <subfield code="b">txt</subfield>
    <subfield code="2">rdacontent</subfield>
  </datafield>
  <datafield tag="337" ind1=" " ind2=" ">
    <subfield code="a">sin mediaci&#xF3;n</subfield>
    <subfield code="b">n</subfield>
    <subfield code="2">rdamedia</subfield>
  </datafield>
  <datafield tag="338" ind1=" " ind2=" ">
    <subfield code="a">volumen</subfield>
    <subfield code="b">nc</subfield>
    <subfield code="2">rdacarrier</subfield>
  </datafield>
  <datafield tag="490" ind1="1" ind2=" ">
    <subfield code="a">Mi casa</subfield>
  </datafield>
  <datafield tag="500" ind1=" " ind2=" ">
    <subfield code="a">Ciencias de la Naturaleza.</subfield>
  </datafield>
  <datafield tag="500" ind1=" " ind2=" ">
    <subfield code="a">El ISBN del folleto "term&#xF3;metro gigante de aula de Learning Rosources, lo consegu&#xED; a traves de la pagina del ISBN, ya que el folleto no lo tiene. </subfield>
  </datafield>
  <datafield tag="504" ind1=" " ind2=" ">
    <subfield code="a">Incluye bibliograf&#xED;as. </subfield>
  </datafield>
  <datafield tag="505" ind1=" " ind2=" ">
    <subfield code="t">Term&#xF3;metro gigante de aula de Learning Resources --</subfield>
    <subfield code="g">Gu&#xED;a de ense&#xF1;anza para fomentar el inter&#xE9;s temprano en el clima y la meteorolog&#xED;a, introducir conceptos STEM a trav&#xE9;s de la medici&#xF3;n de la
temperatura. Realizar ejercicios pr&#xE1;cticos de suma y resta utilizando las temperaturas registradas, utilizar el term&#xF3;metro gigante para ense&#xF1;ar los conceptos de n&#xFA;meros negativos y positivos. /</subfield>
    <subfield code="t">Placas tect&#xF3;nicas --</subfield>
    <subfield code="g">Gu&#xED;a de ense&#xF1;anza al maestro para la instrucci&#xF3;n sobre las placas tect&#xF3;nicas, cambios en el planeta Tierra debido a su evoluci&#xF3;n, medidas de prevenci&#xF3;n ante desastres naturales. /</subfield>
    <subfield code="t">Sistema muscular --</subfield>
    <subfield code="g">Gu&#xED;a de ense&#xF1;anza al maestro para la instrucci&#xF3;n sobre el sistema muscular, funci&#xF3;n e importancia, ubicaci&#xF3;n e identificaci&#xF3;n de m&#xFA;sculos en el cuerpo humano, movimientos que ejecuta el cuerpo humano, realizaci&#xF3;n de ejercicios f&#xED;sicos y m&#xFA;sculos involucrados. /</subfield>
    <subfield code="t">Clasificaci&#xF3;n de los seres vivos (reino de hongos y reino vegetal) --</subfield>
    <subfield code="g">Gu&#xED;a de ense&#xF1;anza al maestro para la instrucci&#xF3;n sobre la biodiversidad de los seres vivos, el reino de las plantas y los hongos, reproducci&#xF3;n sexual y asexual y nutrici&#xF3;n aut&#xF3;trofa y heter&#xF3;trofa. /</subfield>
    <subfield code="t">Clasificaci&#xF3;n de los seres vivos (reino animal: vertebrados e invertebrados -- </subfield>
    <subfield code="g">Gu&#xED;a de ense&#xF1;anza al maestro para la instrucci&#xF3;n sobre la biodiversidad de los seres vivos, animales end&#xE9;micos y nativos, reproducci&#xF3;n sexual y asexual, clasificaci&#xF3;n de los seres vivos, animales vertebrados e invertebrados, anfibios, reptiles, aves y mam&#xED;feros, biodiversidad. /</subfield>
    <subfield code="t">Ciencias de la naturaleza. El ciclo del agua --</subfield>
    <subfield code="g">Gu&#xED;a de ense&#xF1;anza al maestro para la instrucci&#xF3;n sobre el ciclo del agua, estados del agua y su relaci&#xF3;n con el ciclo, fen&#xF3;menos naturales relacionado con el agua, recurso finito e infinito. /</subfield>
    <subfield code="t">La lupa --</subfield>
    <subfield code="g">Gu&#xED;a de ense&#xF1;anza al maestro para la instrucci&#xF3;n sobre la lupa y la refracci&#xF3;n de la luz en el funcionamiento de la lupa, los diferentes usos de la lupa en las ciencias naturales, identificaci&#xF3;n de los fen&#xF3;menos de la luz: refracci&#xF3;n y reflexi&#xF3;n, la luz blanca y composici&#xF3;n por los diferentes colores. /</subfield>
    <subfield code="t">Sistema nervioso -- </subfield>
    <subfield code="g">Gu&#xED;a de ense&#xF1;anza al maestro para la instrucci&#xF3;n sobre la comprensi&#xF3;n sobre el sistema nervioso, valoraci&#xF3;n e importancia, elementos que lo conforman y &#xF3;rganos que corresponden al sistema nervioso perif&#xE9;rico, principales funciones. /</subfield>
    <subfield code="t">Sistema &#xF3;seo --</subfield>
    <subfield code="g">Gu&#xED;a de ense&#xF1;anza al maestro para la instrucci&#xF3;n de la comprensi&#xF3;n, pr&#xE1;ctica y aplicaci&#xF3;n de conocimientos sobre el sistema &#xF3;seo, su funci&#xF3;n, importancia y clasificaci&#xF3;n de los huesos, posturas corporales, partes del esqueleto y salud corporal. /</subfield>
    <subfield code="t">C&#xE9;lula animal --</subfield>
    <subfield code="g">Gu&#xED;a de ense&#xF1;anza al maestro para la instrucci&#xF3;n sobre la biodiversidad de los seres vivos y su organizaci&#xF3;n celular: la c&#xE9;lula animal. Descripci&#xF3;n de la c&#xE9;lula animal, modelos, caracterizaci&#xF3;n., diferencia entre una c&#xE9;lula eucariota y procariota, funci&#xF3;n de las c&#xE9;lulas, la mitocondria, citoplasma, n&#xFA;cleo. /</subfield>
    <subfield code="t">C&#xE9;lula vegetal --</subfield>
    <subfield code="g">Gu&#xED;a de ense&#xF1;anza al maestro para la instrucci&#xF3;n sobre la biodiversidad de los seres vivos y su organizaci&#xF3;n: la c&#xE9;lula vegetal. Descripci&#xF3;n de la c&#xE9;lula vegetal, tejidos de las plantas, diferencia entre una c&#xE9;lula eucariota y procariota, la clorofila, los cloroplastos. /</subfield>
    <subfield code="r">Eliana Ogando Rosario, Ana Consuelo Medina, Kennida Polanco Espinal /</subfield>
  </datafield>
  <datafield tag="521" ind1=" " ind2=" ">
    <subfield code="a">Ense&#xF1;anza preescolar, infantil, primaria, secundaria y bachillerato</subfield>
  </datafield>
  <datafield tag="590" ind1=" " ind2=" ">
    <subfield code="a">Inventariado, 2024/ YL</subfield>
  </datafield>
  <datafield tag="700" ind1=" " ind2=" ">
    <subfield code="4">aut.</subfield>
    <subfield code="a">Ogando Rosario, Eliana</subfield>
    <subfield code="e">autora</subfield>
    <subfield code="9">86688</subfield>
  </datafield>
  <datafield tag="700" ind1=" " ind2=" ">
    <subfield code="4">aut.</subfield>
    <subfield code="a">Medina, Ana Consuelo </subfield>
    <subfield code="e">autora</subfield>
    <subfield code="9">86689</subfield>
  </datafield>
  <datafield tag="700" ind1=" " ind2=" ">
    <subfield code="4">aut.</subfield>
    <subfield code="a">Polanco Espinal, Kennida </subfield>
    <subfield code="e">autora</subfield>
    <subfield code="9">86690</subfield>
  </datafield>
  <datafield tag="910" ind1=" " ind2=" ">
    <subfield code="a">YLockward</subfield>
  </datafield>
  <datafield tag="942" ind1=" " ind2=" ">
    <subfield code="2">ddc</subfield>
    <subfield code="c">LF2</subfield>
  </datafield>
  <datafield tag="952" ind1=" " ind2=" ">
    <subfield code="0">0</subfield>
    <subfield code="1">0</subfield>
    <subfield code="2">ddc</subfield>
    <subfield code="5">1</subfield>
    <subfield code="7">0</subfield>
    <subfield code="8">PD-F</subfield>
    <subfield code="a">BNPHU</subfield>
    <subfield code="b">BNPHU</subfield>
    <subfield code="c">CT</subfield>
    <subfield code="d">2024-05-20</subfield>
    <subfield code="e">Deposito Legal</subfield>
    <subfield code="l">0</subfield>
    <subfield code="o">BNPHU F-CIJ-PD G943c</subfield>
    <subfield code="p">2024-5780</subfield>
    <subfield code="r">2024-10-14</subfield>
    <subfield code="w">2024-10-14</subfield>
    <subfield code="y">LF2</subfield>
    <subfield code="z">Term&#xF3;metro gigante de aula de Learning Resources</subfield>
  </datafield>
  <datafield tag="952" ind1=" " ind2=" ">
    <subfield code="0">0</subfield>
    <subfield code="1">0</subfield>
    <subfield code="2">ddc</subfield>
    <subfield code="5">1</subfield>
    <subfield code="7">0</subfield>
    <subfield code="8">PD-F</subfield>
    <subfield code="a">BNPHU</subfield>
    <subfield code="b">BNPHU</subfield>
    <subfield code="c">CT</subfield>
    <subfield code="d">2024-05-20</subfield>
    <subfield code="e">Deposito Legal</subfield>
    <subfield code="l">0</subfield>
    <subfield code="o">BNPHU F-CIJ-PD G943c</subfield>
    <subfield code="p">2024-5781</subfield>
    <subfield code="r">2024-10-14</subfield>
    <subfield code="t">e. 2</subfield>
    <subfield code="w">2024-10-14</subfield>
    <subfield code="y">LF2</subfield>
    <subfield code="z">Term&#xF3;metro gigante de aula de Learning Resources</subfield>
  </datafield>
  <datafield tag="952" ind1=" " ind2=" ">
    <subfield code="0">0</subfield>
    <subfield code="1">0</subfield>
    <subfield code="2">ddc</subfield>
    <subfield code="5">6</subfield>
    <subfield code="7">0</subfield>
    <subfield code="8">DS</subfield>
    <subfield code="a">BNPHU</subfield>
    <subfield code="b">BNPHU</subfield>
    <subfield code="c">CT</subfield>
    <subfield code="d">2024-05-20</subfield>
    <subfield code="e">Deposito Legal</subfield>
    <subfield code="l">0</subfield>
    <subfield code="o">BNPHU F-CIJ-DS G943c</subfield>
    <subfield code="p">2024-5782</subfield>
    <subfield code="r">2024-10-14</subfield>
    <subfield code="t">e. 3</subfield>
    <subfield code="w">2024-10-14</subfield>
    <subfield code="y">LF2</subfield>
    <subfield code="z">Term&#xF3;metro gigante de aula de Learning Resources</subfield>
  </datafield>
  <datafield tag="952" ind1=" " ind2=" ">
    <subfield code="0">0</subfield>
    <subfield code="1">0</subfield>
    <subfield code="2">ddc</subfield>
    <subfield code="5">1</subfield>
    <subfield code="7">0</subfield>
    <subfield code="8">CIJ-PD</subfield>
    <subfield code="a">BNPHU</subfield>
    <subfield code="b">BNPHU</subfield>
    <subfield code="c">CT</subfield>
    <subfield code="d">2024-05-20</subfield>
    <subfield code="e">Deposito Legal</subfield>
    <subfield code="l">0</subfield>
    <subfield code="o">BNPHU F-CIJ-PD G943c</subfield>
    <subfield code="p">2024-5783</subfield>
    <subfield code="r">2024-10-14</subfield>
    <subfield code="w">2024-10-14</subfield>
    <subfield code="y">LF2</subfield>
    <subfield code="z">C&#xE9;lula animal</subfield>
  </datafield>
  <datafield tag="952" ind1=" " ind2=" ">
    <subfield code="0">0</subfield>
    <subfield code="1">0</subfield>
    <subfield code="2">ddc</subfield>
    <subfield code="5">1</subfield>
    <subfield code="7">0</subfield>
    <subfield code="8">CIJ-PD</subfield>
    <subfield code="a">BNPHU</subfield>
    <subfield code="b">BNPHU</subfield>
    <subfield code="c">CT</subfield>
    <subfield code="d">2024-05-20</subfield>
    <subfield code="e">Deposito Legal</subfield>
    <subfield code="l">0</subfield>
    <subfield code="o">BNPHU F-CIJ-PD G943c</subfield>
    <subfield code="p">2024-5784</subfield>
    <subfield code="r">2024-10-14</subfield>
    <subfield code="t">e. 2</subfield>
    <subfield code="w">2024-10-14</subfield>
    <subfield code="y">LF2</subfield>
    <subfield code="z">C&#xE9;lula animal</subfield>
  </datafield>
  <datafield tag="952" ind1=" " ind2=" ">
    <subfield code="0">0</subfield>
    <subfield code="1">0</subfield>
    <subfield code="2">ddc</subfield>
    <subfield code="5">6</subfield>
    <subfield code="7">0</subfield>
    <subfield code="8">DS</subfield>
    <subfield code="a">BNPHU</subfield>
    <subfield code="b">BNPHU</subfield>
    <subfield code="c">CT</subfield>
    <subfield code="d">2024-05-20</subfield>
    <subfield code="e">Deposito Legal</subfield>
    <subfield code="l">0</subfield>
    <subfield code="o">BNPHU F-CIJ-DS G943c</subfield>
    <subfield code="p">2024-5785</subfield>
    <subfield code="r">2024-10-14</subfield>
    <subfield code="t">e. 3</subfield>
    <subfield code="w">2024-10-14</subfield>
    <subfield code="y">LF2</subfield>
    <subfield code="z">C&#xE9;lula animal</subfield>
  </datafield>
  <datafield tag="952" ind1=" " ind2=" ">
    <subfield code="0">0</subfield>
    <subfield code="1">0</subfield>
    <subfield code="2">ddc</subfield>
    <subfield code="5">1</subfield>
    <subfield code="7">0</subfield>
    <subfield code="8">CIJ-PD</subfield>
    <subfield code="a">BNPHU</subfield>
    <subfield code="b">BNPHU</subfield>
    <subfield code="c">CT</subfield>
    <subfield code="d">2024-05-20</subfield>
    <subfield code="e">Deposito Legal</subfield>
    <subfield code="l">0</subfield>
    <subfield code="o">BNPHU F-CIJ-PD G943c</subfield>
    <subfield code="p">2024-5804</subfield>
    <subfield code="r">2024-10-14</subfield>
    <subfield code="w">2024-10-14</subfield>
    <subfield code="y">LF2</subfield>
    <subfield code="z">C&#xE9;lula vegetal</subfield>
  </datafield>
  <datafield tag="952" ind1=" " ind2=" ">
    <subfield code="0">0</subfield>
    <subfield code="1">0</subfield>
    <subfield code="2">ddc</subfield>
    <subfield code="5">1</subfield>
    <subfield code="7">0</subfield>
    <subfield code="8">CIJ-PD</subfield>
    <subfield code="a">BNPHU</subfield>
    <subfield code="b">BNPHU</subfield>
    <subfield code="c">CT</subfield>
    <subfield code="d">2024-05-20</subfield>
    <subfield code="e">Deposito Legal</subfield>
    <subfield code="l">0</subfield>
    <subfield code="o">BNPHU F-CIJ-PD G943c</subfield>
    <subfield code="p">2024-5805</subfield>
    <subfield code="r">2024-10-14</subfield>
    <subfield code="t">e. 2</subfield>
    <subfield code="w">2024-10-14</subfield>
    <subfield code="y">LF2</subfield>
    <subfield code="z">C&#xE9;lula vegetal</subfield>
  </datafield>
  <datafield tag="952" ind1=" " ind2=" ">
    <subfield code="0">0</subfield>
    <subfield code="1">0</subfield>
    <subfield code="2">ddc</subfield>
    <subfield code="5">6</subfield>
    <subfield code="7">0</subfield>
    <subfield code="8">DS</subfield>
    <subfield code="a">BNPHU</subfield>
    <subfield code="b">BNPHU</subfield>
    <subfield code="c">CT</subfield>
    <subfield code="d">2024-05-20</subfield>
    <subfield code="e">Deposito Legal</subfield>
    <subfield code="l">0</subfield>
    <subfield code="o">BNPHU F-CIJ-DS G943c</subfield>
    <subfield code="p">2024-5806</subfield>
    <subfield code="r">2024-10-14</subfield>
    <subfield code="t">e. 3</subfield>
    <subfield code="w">2024-10-14</subfield>
    <subfield code="y">LF2</subfield>
    <subfield code="z">C&#xE9;lula vegetal</subfield>
  </datafield>
  <datafield tag="952" ind1=" " ind2=" ">
    <subfield code="0">0</subfield>
    <subfield code="1">0</subfield>
    <subfield code="2">ddc</subfield>
    <subfield code="5">1</subfield>
    <subfield code="7">0</subfield>
    <subfield code="8">CIJ-PD</subfield>
    <subfield code="a">BNPHU</subfield>
    <subfield code="b">BNPHU</subfield>
    <subfield code="c">CT</subfield>
    <subfield code="d">2024-05-20</subfield>
    <subfield code="e">Deposito Legal</subfield>
    <subfield code="l">0</subfield>
    <subfield code="o">BNPHU F-CIJ-PD G943c</subfield>
    <subfield code="p">2024-5807</subfield>
    <subfield code="r">2024-10-14</subfield>
    <subfield code="w">2024-10-14</subfield>
    <subfield code="y">LF2</subfield>
    <subfield code="z">Placas tect&#xF3;nicas</subfield>
  </datafield>
  <datafield tag="952" ind1=" " ind2=" ">
    <subfield code="0">0</subfield>
    <subfield code="1">0</subfield>
    <subfield code="2">ddc</subfield>
    <subfield code="5">1</subfield>
    <subfield code="7">0</subfield>
    <subfield code="8">CIJ-PD</subfield>
    <subfield code="a">BNPHU</subfield>
    <subfield code="b">BNPHU</subfield>
    <subfield code="c">CT</subfield>
    <subfield code="d">2024-05-20</subfield>
    <subfield code="e">Deposito Legal</subfield>
    <subfield code="l">0</subfield>
    <subfield code="o">BNPHU F-CIJ-PD G943c</subfield>
    <subfield code="p">2024-5808</subfield>
    <subfield code="r">2024-10-14</subfield>
    <subfield code="t">e. 2</subfield>
    <subfield code="w">2024-10-14</subfield>
    <subfield code="y">LF2</subfield>
    <subfield code="z">Placas tect&#xF3;nicas</subfield>
  </datafield>
  <datafield tag="952" ind1=" " ind2=" ">
    <subfield code="0">0</subfield>
    <subfield code="1">0</subfield>
    <subfield code="2">ddc</subfield>
    <subfield code="5">6</subfield>
    <subfield code="7">0</subfield>
    <subfield code="8">DS</subfield>
    <subfield code="a">BNPHU</subfield>
    <subfield code="b">BNPHU</subfield>
    <subfield code="c">CT</subfield>
    <subfield code="d">2024-05-20</subfield>
    <subfield code="e">Deposito Legal</subfield>
    <subfield code="l">0</subfield>
    <subfield code="o">BNPHU F-CIJ-DS G943c</subfield>
    <subfield code="p">2024-5809</subfield>
    <subfield code="r">2024-10-14</subfield>
    <subfield code="t">e. 3</subfield>
    <subfield code="w">2024-10-14</subfield>
    <subfield code="y">LF2</subfield>
    <subfield code="z">Placas tect&#xF3;nicas</subfield>
  </datafield>
  <datafield tag="952" ind1=" " ind2=" ">
    <subfield code="0">0</subfield>
    <subfield code="1">0</subfield>
    <subfield code="2">ddc</subfield>
    <subfield code="5">1</subfield>
    <subfield code="7">0</subfield>
    <subfield code="8">CIJ-PD</subfield>
    <subfield code="a">BNPHU</subfield>
    <subfield code="b">BNPHU</subfield>
    <subfield code="c">CT</subfield>
    <subfield code="d">2024-05-20</subfield>
    <subfield code="e">Deposito Legal</subfield>
    <subfield code="l">0</subfield>
    <subfield code="o">BNPHU F-CIJ-PD G943c</subfield>
    <subfield code="p">2024-5810</subfield>
    <subfield code="r">2024-10-14</subfield>
    <subfield code="w">2024-10-14</subfield>
    <subfield code="y">LF2</subfield>
    <subfield code="z">Sistema muscular</subfield>
  </datafield>
  <datafield tag="952" ind1=" " ind2=" ">
    <subfield code="0">0</subfield>
    <subfield code="1">0</subfield>
    <subfield code="2">ddc</subfield>
    <subfield code="5">1</subfield>
    <subfield code="7">0</subfield>
    <subfield code="8">CIJ-PD</subfield>
    <subfield code="a">BNPHU</subfield>
    <subfield code="b">BNPHU</subfield>
    <subfield code="c">CT</subfield>
    <subfield code="d">2024-05-20</subfield>
    <subfield code="e">Deposito Legal</subfield>
    <subfield code="l">0</subfield>
    <subfield code="o">BNPHU F-CIJ-PD G943c</subfield>
    <subfield code="p">2024-5811</subfield>
    <subfield code="r">2024-10-14</subfield>
    <subfield code="t">e. 2</subfield>
    <subfield code="w">2024-10-14</subfield>
    <subfield code="y">LF2</subfield>
    <subfield code="z">Sistema muscular</subfield>
  </datafield>
  <datafield tag="952" ind1=" " ind2=" ">
    <subfield code="0">0</subfield>
    <subfield code="1">0</subfield>
    <subfield code="2">ddc</subfield>
    <subfield code="5">6</subfield>
    <subfield code="7">0</subfield>
    <subfield code="8">DS</subfield>
    <subfield code="a">BNPHU</subfield>
    <subfield code="b">BNPHU</subfield>
    <subfield code="c">CT</subfield>
    <subfield code="d">2024-05-20</subfield>
    <subfield code="e">Deposito Legal</subfield>
    <subfield code="l">0</subfield>
    <subfield code="o">BNPHU F-CIJ-DS G943c</subfield>
    <subfield code="p">2024-5812</subfield>
    <subfield code="r">2024-10-14</subfield>
    <subfield code="t">e. 3</subfield>
    <subfield code="w">2024-10-14</subfield>
    <subfield code="y">LF2</subfield>
    <subfield code="z">Sistema muscular</subfield>
  </datafield>
  <datafield tag="952" ind1=" " ind2=" ">
    <subfield code="0">0</subfield>
    <subfield code="1">0</subfield>
    <subfield code="2">ddc</subfield>
    <subfield code="5">1</subfield>
    <subfield code="7">0</subfield>
    <subfield code="8">CIJ-PD</subfield>
    <subfield code="a">BNPHU</subfield>
    <subfield code="b">BNPHU</subfield>
    <subfield code="c">CT</subfield>
    <subfield code="d">2024-05-20</subfield>
    <subfield code="e">Deposito Legal</subfield>
    <subfield code="l">0</subfield>
    <subfield code="o">BNPHU F-CIJ-PD G943c</subfield>
    <subfield code="p">2024-5813</subfield>
    <subfield code="r">2024-10-14</subfield>
    <subfield code="w">2024-10-14</subfield>
    <subfield code="y">LF2</subfield>
    <subfield code="z">Clasif. de los seres vivos. (Reino de hongos y reino vegetal)</subfield>
  </datafield>
  <datafield tag="952" ind1=" " ind2=" ">
    <subfield code="0">0</subfield>
    <subfield code="1">0</subfield>
    <subfield code="2">ddc</subfield>
    <subfield code="5">1</subfield>
    <subfield code="7">0</subfield>
    <subfield code="8">CIJ-PD</subfield>
    <subfield code="a">BNPHU</subfield>
    <subfield code="b">BNPHU</subfield>
    <subfield code="c">CT</subfield>
    <subfield code="d">2024-05-20</subfield>
    <subfield code="e">Deposito Legal</subfield>
    <subfield code="l">0</subfield>
    <subfield code="o">BNPHU F-CIJ-PD G943c</subfield>
    <subfield code="p">2024-5814</subfield>
    <subfield code="r">2024-10-14</subfield>
    <subfield code="t">e. 2</subfield>
    <subfield code="w">2024-10-14</subfield>
    <subfield code="y">LF2</subfield>
    <subfield code="z">Clasif. de los seres vivos. (Reino de hongos y reino vegetal)</subfield>
  </datafield>
  <datafield tag="952" ind1=" " ind2=" ">
    <subfield code="0">0</subfield>
    <subfield code="1">0</subfield>
    <subfield code="2">ddc</subfield>
    <subfield code="5">6</subfield>
    <subfield code="7">0</subfield>
    <subfield code="8">DS</subfield>
    <subfield code="a">BNPHU</subfield>
    <subfield code="b">BNPHU</subfield>
    <subfield code="c">CT</subfield>
    <subfield code="d">2024-05-20</subfield>
    <subfield code="e">Deposito Legal</subfield>
    <subfield code="l">0</subfield>
    <subfield code="o">BNPHU F-CIJ-DS G943c</subfield>
    <subfield code="p">2024-5815</subfield>
    <subfield code="r">2024-10-14</subfield>
    <subfield code="t">e. 3</subfield>
    <subfield code="w">2024-10-14</subfield>
    <subfield code="y">LF2</subfield>
    <subfield code="z">Clasif. de los seres vivos. (Reino de hongos y reino vegetal)</subfield>
  </datafield>
  <datafield tag="952" ind1=" " ind2=" ">
    <subfield code="0">0</subfield>
    <subfield code="1">0</subfield>
    <subfield code="2">ddc</subfield>
    <subfield code="5">1</subfield>
    <subfield code="7">0</subfield>
    <subfield code="8">CIJ-PD</subfield>
    <subfield code="a">BNPHU</subfield>
    <subfield code="b">BNPHU</subfield>
    <subfield code="c">CT</subfield>
    <subfield code="d">2024-05-20</subfield>
    <subfield code="e">Deposito Legal</subfield>
    <subfield code="l">0</subfield>
    <subfield code="o">BNPHU F-CIJ-PD G943c</subfield>
    <subfield code="p">2024-5817</subfield>
    <subfield code="r">2024-10-15</subfield>
    <subfield code="w">2024-10-15</subfield>
    <subfield code="y">LF2</subfield>
    <subfield code="z">Clasif. de los seres vivos. (reino animal: vertebrados e invertebrados)</subfield>
  </datafield>
  <datafield tag="952" ind1=" " ind2=" ">
    <subfield code="0">0</subfield>
    <subfield code="1">0</subfield>
    <subfield code="2">ddc</subfield>
    <subfield code="5">1</subfield>
    <subfield code="7">0</subfield>
    <subfield code="8">CIJ-PD</subfield>
    <subfield code="a">BNPHU</subfield>
    <subfield code="b">BNPHU</subfield>
    <subfield code="c">CT</subfield>
    <subfield code="d">2024-05-20</subfield>
    <subfield code="e">Deposito Legal</subfield>
    <subfield code="l">0</subfield>
    <subfield code="o">BNPHU F-CIJ-PD G943c</subfield>
    <subfield code="p">2024-5818</subfield>
    <subfield code="r">2024-10-15</subfield>
    <subfield code="t">e. 2</subfield>
    <subfield code="w">2024-10-15</subfield>
    <subfield code="y">LF2</subfield>
    <subfield code="z">Clasif. de los seres vivos. (reino animal: vertebrados e invertebrados)</subfield>
  </datafield>
  <datafield tag="952" ind1=" " ind2=" ">
    <subfield code="0">0</subfield>
    <subfield code="1">0</subfield>
    <subfield code="2">ddc</subfield>
    <subfield code="5">6</subfield>
    <subfield code="7">0</subfield>
    <subfield code="8">DS</subfield>
    <subfield code="a">BNPHU</subfield>
    <subfield code="b">BNPHU</subfield>
    <subfield code="c">CT</subfield>
    <subfield code="d">2024-05-20</subfield>
    <subfield code="e">Deposito Legal</subfield>
    <subfield code="l">0</subfield>
    <subfield code="o">BNPHU F-CIJ-DS G943c</subfield>
    <subfield code="p">2024-5819</subfield>
    <subfield code="r">2024-10-15</subfield>
    <subfield code="t">e. 3</subfield>
    <subfield code="w">2024-10-15</subfield>
    <subfield code="y">LF2</subfield>
    <subfield code="z">Clasif. de los seres vivos. (reino animal: vertebrados e invertebrados)</subfield>
  </datafield>
  <datafield tag="952" ind1=" " ind2=" ">
    <subfield code="0">0</subfield>
    <subfield code="1">0</subfield>
    <subfield code="2">ddc</subfield>
    <subfield code="5">1</subfield>
    <subfield code="7">0</subfield>
    <subfield code="8">CIJ-PD</subfield>
    <subfield code="a">BNPHU</subfield>
    <subfield code="b">BNPHU</subfield>
    <subfield code="c">CT</subfield>
    <subfield code="d">2024-05-20</subfield>
    <subfield code="e">Deposito Legal</subfield>
    <subfield code="l">0</subfield>
    <subfield code="o">BNPHU F-CIJ-PD G943c</subfield>
    <subfield code="p">2024-5820</subfield>
    <subfield code="r">2024-10-15</subfield>
    <subfield code="w">2024-10-15</subfield>
    <subfield code="y">LF2</subfield>
    <subfield code="z">Ciencias de la naturaleza. El ciclo del agua</subfield>
  </datafield>
  <datafield tag="952" ind1=" " ind2=" ">
    <subfield code="0">0</subfield>
    <subfield code="1">0</subfield>
    <subfield code="2">ddc</subfield>
    <subfield code="5">1</subfield>
    <subfield code="7">0</subfield>
    <subfield code="8">CIJ-PD</subfield>
    <subfield code="a">BNPHU</subfield>
    <subfield code="b">BNPHU</subfield>
    <subfield code="c">CT</subfield>
    <subfield code="d">2024-05-20</subfield>
    <subfield code="e">Deposito Legal</subfield>
    <subfield code="l">0</subfield>
    <subfield code="o">BNPHU F-CIJ-PD G943c</subfield>
    <subfield code="p">2024-5821</subfield>
    <subfield code="r">2024-10-15</subfield>
    <subfield code="t">e. 2</subfield>
    <subfield code="w">2024-10-15</subfield>
    <subfield code="y">LF2</subfield>
    <subfield code="z">Ciencias de la naturaleza. El ciclo del agua</subfield>
  </datafield>
  <datafield tag="952" ind1=" " ind2=" ">
    <subfield code="0">0</subfield>
    <subfield code="1">0</subfield>
    <subfield code="2">ddc</subfield>
    <subfield code="5">6</subfield>
    <subfield code="7">0</subfield>
    <subfield code="8">DS</subfield>
    <subfield code="a">BNPHU</subfield>
    <subfield code="b">BNPHU</subfield>
    <subfield code="c">CT</subfield>
    <subfield code="d">2024-05-20</subfield>
    <subfield code="e">Deposito Legal</subfield>
    <subfield code="l">0</subfield>
    <subfield code="o">BNPHU F-CIJ-DS G943c</subfield>
    <subfield code="p">2024-5822</subfield>
    <subfield code="r">2024-10-15</subfield>
    <subfield code="t">e. 3</subfield>
    <subfield code="w">2024-10-15</subfield>
    <subfield code="y">LF2</subfield>
    <subfield code="z">Ciencias de la naturaleza. El ciclo del agua</subfield>
  </datafield>
  <datafield tag="952" ind1=" " ind2=" ">
    <subfield code="0">0</subfield>
    <subfield code="1">0</subfield>
    <subfield code="2">ddc</subfield>
    <subfield code="5">1</subfield>
    <subfield code="7">0</subfield>
    <subfield code="8">CIJ-PD</subfield>
    <subfield code="a">BNPHU</subfield>
    <subfield code="b">BNPHU</subfield>
    <subfield code="c">CT</subfield>
    <subfield code="d">2024-05-20</subfield>
    <subfield code="e">Deposito Legal</subfield>
    <subfield code="l">0</subfield>
    <subfield code="o">BNPHU F-CIJ-PD G943c</subfield>
    <subfield code="p">2024-5823</subfield>
    <subfield code="r">2024-10-15</subfield>
    <subfield code="w">2024-10-15</subfield>
    <subfield code="y">LF2</subfield>
    <subfield code="z">La lupa</subfield>
  </datafield>
  <datafield tag="952" ind1=" " ind2=" ">
    <subfield code="0">0</subfield>
    <subfield code="1">0</subfield>
    <subfield code="2">ddc</subfield>
    <subfield code="5">1</subfield>
    <subfield code="7">0</subfield>
    <subfield code="8">CIJ-PD</subfield>
    <subfield code="a">BNPHU</subfield>
    <subfield code="b">BNPHU</subfield>
    <subfield code="c">CT</subfield>
    <subfield code="d">2024-05-20</subfield>
    <subfield code="e">Deposito Legal</subfield>
    <subfield code="l">0</subfield>
    <subfield code="o">BNPHU F-CIJ-PD G943c</subfield>
    <subfield code="p">2024-5824</subfield>
    <subfield code="r">2024-10-15</subfield>
    <subfield code="t">e. 2</subfield>
    <subfield code="w">2024-10-15</subfield>
    <subfield code="y">LF2</subfield>
    <subfield code="z">La lupa</subfield>
  </datafield>
  <datafield tag="952" ind1=" " ind2=" ">
    <subfield code="0">0</subfield>
    <subfield code="1">0</subfield>
    <subfield code="2">ddc</subfield>
    <subfield code="5">6</subfield>
    <subfield code="7">0</subfield>
    <subfield code="8">DS</subfield>
    <subfield code="a">BNPHU</subfield>
    <subfield code="b">BNPHU</subfield>
    <subfield code="c">CT</subfield>
    <subfield code="d">2024-05-20</subfield>
    <subfield code="e">Deposito Legal</subfield>
    <subfield code="l">0</subfield>
    <subfield code="o">BNPHU F-CIJ-DS G943c</subfield>
    <subfield code="p">2024-5825</subfield>
    <subfield code="r">2024-10-15</subfield>
    <subfield code="t">e. 3</subfield>
    <subfield code="w">2024-10-15</subfield>
    <subfield code="y">LF2</subfield>
    <subfield code="z">La lupa</subfield>
  </datafield>
  <datafield tag="952" ind1=" " ind2=" ">
    <subfield code="0">0</subfield>
    <subfield code="1">0</subfield>
    <subfield code="2">ddc</subfield>
    <subfield code="5">1</subfield>
    <subfield code="7">0</subfield>
    <subfield code="8">CIJ-PD</subfield>
    <subfield code="a">BNPHU</subfield>
    <subfield code="b">BNPHU</subfield>
    <subfield code="c">CT</subfield>
    <subfield code="d">2024-05-20</subfield>
    <subfield code="e">Deposito Legal</subfield>
    <subfield code="l">0</subfield>
    <subfield code="o">BNPHU F-CIJ-PD G943c</subfield>
    <subfield code="p">2024-5826</subfield>
    <subfield code="r">2024-10-15</subfield>
    <subfield code="w">2024-10-15</subfield>
    <subfield code="y">LF2</subfield>
    <subfield code="z">Sistema nervioso</subfield>
  </datafield>
  <datafield tag="952" ind1=" " ind2=" ">
    <subfield code="0">0</subfield>
    <subfield code="1">0</subfield>
    <subfield code="2">ddc</subfield>
    <subfield code="5">1</subfield>
    <subfield code="7">0</subfield>
    <subfield code="8">CIJ-PD</subfield>
    <subfield code="a">BNPHU</subfield>
    <subfield code="b">BNPHU</subfield>
    <subfield code="c">CT</subfield>
    <subfield code="d">2024-05-20</subfield>
    <subfield code="e">Deposito Legal</subfield>
    <subfield code="l">0</subfield>
    <subfield code="o">BNPHU F-CIJ-PD G943c</subfield>
    <subfield code="p">2024-5827</subfield>
    <subfield code="r">2024-10-15</subfield>
    <subfield code="t">e. 2</subfield>
    <subfield code="w">2024-10-15</subfield>
    <subfield code="y">LF2</subfield>
    <subfield code="z">Sistema nervioso</subfield>
  </datafield>
  <datafield tag="952" ind1=" " ind2=" ">
    <subfield code="0">0</subfield>
    <subfield code="1">0</subfield>
    <subfield code="2">ddc</subfield>
    <subfield code="5">6</subfield>
    <subfield code="7">0</subfield>
    <subfield code="8">DS</subfield>
    <subfield code="a">BNPHU</subfield>
    <subfield code="b">BNPHU</subfield>
    <subfield code="c">CT</subfield>
    <subfield code="d">2024-05-20</subfield>
    <subfield code="e">Deposito Legal</subfield>
    <subfield code="l">0</subfield>
    <subfield code="o">BNPHU F-CIJ-DS G943c</subfield>
    <subfield code="p">2024-5828</subfield>
    <subfield code="r">2024-10-15</subfield>
    <subfield code="t">e. 3</subfield>
    <subfield code="w">2024-10-15</subfield>
    <subfield code="y">LF2</subfield>
    <subfield code="z">Sistema nervioso</subfield>
  </datafield>
  <datafield tag="952" ind1=" " ind2=" ">
    <subfield code="0">0</subfield>
    <subfield code="1">0</subfield>
    <subfield code="2">ddc</subfield>
    <subfield code="5">1</subfield>
    <subfield code="7">0</subfield>
    <subfield code="8">CIJ-PD</subfield>
    <subfield code="a">BNPHU</subfield>
    <subfield code="b">BNPHU</subfield>
    <subfield code="c">CT</subfield>
    <subfield code="d">2024-05-20</subfield>
    <subfield code="e">Deposito Legal</subfield>
    <subfield code="l">0</subfield>
    <subfield code="o">BNPHU F-CIJ-PD G943c</subfield>
    <subfield code="p">2024-5829</subfield>
    <subfield code="r">2024-10-15</subfield>
    <subfield code="w">2024-10-15</subfield>
    <subfield code="y">LF2</subfield>
    <subfield code="z">Sistema &#xF3;seo</subfield>
  </datafield>
  <datafield tag="952" ind1=" " ind2=" ">
    <subfield code="0">0</subfield>
    <subfield code="1">0</subfield>
    <subfield code="2">ddc</subfield>
    <subfield code="5">1</subfield>
    <subfield code="7">0</subfield>
    <subfield code="8">CIJ-PD</subfield>
    <subfield code="a">BNPHU</subfield>
    <subfield code="b">BNPHU</subfield>
    <subfield code="c">CT</subfield>
    <subfield code="d">2024-05-20</subfield>
    <subfield code="e">Deposito Legal</subfield>
    <subfield code="l">0</subfield>
    <subfield code="o">BNPHU F-CIJ-PD G943c</subfield>
    <subfield code="p">2024-5830</subfield>
    <subfield code="r">2024-10-15</subfield>
    <subfield code="t">e. 2</subfield>
    <subfield code="w">2024-10-15</subfield>
    <subfield code="y">LF2</subfield>
    <subfield code="z">Sistema &#xF3;seo</subfield>
  </datafield>
  <datafield tag="952" ind1=" " ind2=" ">
    <subfield code="0">0</subfield>
    <subfield code="1">0</subfield>
    <subfield code="2">ddc</subfield>
    <subfield code="5">6</subfield>
    <subfield code="7">0</subfield>
    <subfield code="8">DS</subfield>
    <subfield code="a">BNPHU</subfield>
    <subfield code="b">BNPHU</subfield>
    <subfield code="c">CT</subfield>
    <subfield code="d">2024-05-20</subfield>
    <subfield code="e">Deposito Legal</subfield>
    <subfield code="l">0</subfield>
    <subfield code="o">BNPHU F-CIJ-DS G943c</subfield>
    <subfield code="p">2024-5831</subfield>
    <subfield code="r">2024-10-15</subfield>
    <subfield code="t">e. 3</subfield>
    <subfield code="w">2024-10-15</subfield>
    <subfield code="y">LF2</subfield>
    <subfield code="z">Sistema &#xF3;seo</subfield>
  </datafield>
  <datafield tag="999" ind1=" " ind2=" ">
    <subfield code="c">57843</subfield>
    <subfield code="d">57843</subfield>
  </datafield>
</record>
